Представление документа в формате RUSMARC

ПолеНазваниеЗначение
  Тип записи a
  Библиографический уровень m
001 Контрольный номер RU/IS/BASE/553885020
005 Дата корректировки 20201206205056.3
010 Индекс ISBN __
a ISBN 978-5-9718-0683-7 (в пер.)
d Цена 480-66
100 Данные общей обработки __
a Данные общей обработки 19170721d2013||||||| 0rusy0189 ca
101 Язык документа 0_
a Язык текста rus
102 Страна публикации __
a Страна публикации ru|
105 Кодированные данные (монография) __
a Кодированные данные (монография) ao||||||000zy
200 Заглавие и сведения об ответственности 1_
a Заглавие Всерьез о курьезах большого спорта
e Сведения, относящиеся к заглавию [12+]
f Первые сведения об ответственности Алексей Евангулов
b Общее обозначение материала Текст
210 Выходные данные __
a Место издания Москва
c Издательство Советский спорт
d Дата издания 2013
215 Физическое описание __
a Объем 133, [3] с.
c Иллюстрации/тип воспроизводства фот., ил.
d Формат 26 см
300 Общие примечания __
a Общие примечания 500 экз.
330 Аннотация __
a Аннотация Прыжки в воду - это увлекательный, зрелищный и в то же время очень сложный вид спорта. Жить и работать в нем - и счастье, и тяжелейший труд. Чтобы добиться успеха в прыжках в воду, неважно кто ты - спортсмен, тренер или руководитель сборной команды, необходимо обладать множеством качеств. Но без чего точно будет трудно - так это без чувства юмора. Заслуженный тренер России, мастер спорта СССР Алексей Евангулов прошел путь от рядового спортсмена до руководителя национальной сборной команды. И не раз случалось в его жизни так, что великие спортсмены попадали в курьезные ситуации и с честью из них выходили, а авантюры заканчивались победами и новыми соревнованиями. Эти истории и легли в основу данной книги, которая не является мемуарами или документальным трудом. Это сборник баек, сборник правдивых рассказов о смешном и серьезном в большом спорте.
333 Примечание о целевом назначении __
a Примечание о целевом назначении 12+. Для детей старше 12 лет
606 Тематические рубрики __
a Основная рубрика Физическая культура и спорт
606 Тематические рубрики __
a Основная рубрика Водный спорт
610 Ключевые слова __
a Ключевые слова анекдоты
a Ключевые слова прыжки в воду
a Ключевые слова публицистика
a Ключевые слова спортивная публицистика
a Ключевые слова спортивные соревнования
a Ключевые слова спортсмены
a Ключевые слова тема спорта
686 Индексы других классификаций __
2 Код системы rubbks
a Классификационный индекс 75.717.6; ст75.717
700 Автор _1
a Фамилия Евангулов
b Имя А. Г.
c Титул (звания) тренер
c Титул (звания) мастер спорта
g Полное личное имя Алексей Георгиевич
4 Код отношения 070
801 Источник записи _0
a Страна ru
b Организация Муниципальное бюджетное учреждение культуры "Централизованная библиотечная система" г. Сургут (Центральная городская библиотека им. А. С. Пушкина)
c Дата составления 20170721
g Правила каталогизации КиК/Котельникова
801 Источник записи _1
a Страна ru
b Организация Муниципальное бюджетное учреждение культуры "Централизованная библиотечная система" г. Сургут (Центральная городская библиотека им. А. С. Пушкина)
c Дата составления 20170721
g Правила каталогизации КиК/Котельникова
852 Данные о местонахождении __
j Шифр хранения 75.717.6
i Авторский знак Е 13
901 Тип документа __
t Тип документа m
903 Характеристики (МАРС) __
a Дата передачи 20170721
990 Данные о заказе (DOS) __
j Количество экземпляров (DOS) 2
t N записи в КСУ для И/У (DOS) 201707